Teoría de la ciudad (Registro nro. 1519)

Detalles MARC
000 -LEADER
fixed length control field 00859 a2200205 4500
001 - CONTROL NUMBER
control field 26936
005 - DATE AND TIME OF LATEST TRANSACTION
control field 20260407155547.0
008 - FIXED-LENGTH DATA ELEMENTS--GENERAL INFORMATION
fixed length control field 260407a1980 arg spa d
003 - CONTROL NUMBER IDENTIFIER
control field AR-UNSa-BCEJYS
040 ## - CATALOGING SOURCE
Original cataloging agency AR-UNSa-BCEJYS
Language of cataloging spa
Transcribing agency AR-UNSa-BCEJYS
080 ## - UNIVERSAL DECIMAL CLASSIFICATION NUMBER
Universal Decimal Classification number 711
Common auxiliary subdivision Principios y práctica de la ordenación. Ordenación del territorio, ordenación urbana y rural
020 ## - INTERNATIONAL STANDARD BOOK NUMBER
International Standard Book Number 84-7088-255-4
100 1# - MAIN ENTRY--PERSONAL NAME
Personal name Alomar Esteve, Gabriel
245 10 - TITLE STATEMENT
Title Teoría de la ciudad
Name of part/section of a work ideas fundamentales para un urbanismo humanista
264 #1 - PRODUCTION, PUBLICATION, DISTRIBUTION, MANUFACTURE, AND COPYRIGHT NOTICE
Place of production, publication, distribution, manufacture Madrid :
Name of producer, publisher, distributor, manufacturer Instituto de Estudios de Administración Local
Date of production, publication, distribution, manufacture, or copyright notice 1980
300 ## - PHYSICAL DESCRIPTION
Extent 254 p.
Dimensions 21 cm.
505 ## - FORMATTED CONTENTS NOTE
Formatted contents note 1. Ideas generales - 2. Conceptos de sociología urbana - 3. La evolución del urbanismo - 4. Los problemas de la ciudad moderna - 5. Hacia la ciudad del futuro
590 ## - LOCAL NOTE (RLIN)
Local note niveau_biblio:m niveau_hierar:0
942 ## - ADDED ENTRY ELEMENTS (KOHA)
Koha item type
Existencias
Withdrawn status Lost status Damaged status Not for loan Home library Current library Shelving location Date acquired Total checkouts Full call number Barcode Date last seen Price effective from Koha item type
        Biblioteca Prof. Eusebio Cleto del Rey Biblioteca Prof. Eusebio Cleto del Rey   07/04/2026   711 A453 L58230 07/04/2026 07/04/2026 Libro